Otvorené otázky zahraničnej ekonomickej politiky SR

Na minha lista:
Detalhes bibliográficos
Autor principal: Brocková, Ingrid
Formato: Capítulo de Livro
Idioma:eslovaco
Tags: Adicionar Tag
Sem tags, seja o primeiro a adicionar uma tag!

MARC

LEADER 00000naa$a2200000$$$4500
001 0168604
005 20240502072932.8
041 0 |a slo 
044 |a SK 
245 1 0 |a Otvorené otázky zahraničnej ekonomickej politiky SR  |c Ingrid Brocková 
100 1 |a Brocková, Ingrid